[Event "Tan Chin Nam Cup 4th"]
[Site "Beijing"]
[Date "1998.06.17"]
[Round "10"]
[White "Ehlvest, Jaan"]
[Black "Tong, Yuanming"]
[Result "1/2-1/2"]
[WhiteElo "2610"]
[BlackElo "2505"]
[Annotator "Ribli,Z"]
[PlyCount "89"]
[EventDate "1998.06.08"]
[EventType "tourn"]
[EventRounds "11"]
[EventCountry "CHN"]
[EventCategory "12"]
[SourceTitle "CBM 066"]
[Source "ChessBase"]
[SourceDate "1998.09.30"]
[SourceVersion "1"]
[SourceVersionDate "1998.09.30"]
[SourceQuality "1"]

1. Nf3 Nf6 2. c4 e6 3. Nc3 Bb4 4. Qc2 c5 5. a3 Bxc3 (5... Ba5 6. g3 Nc6 7. Bg2
Bxc3 8. Qxc3 Qa5 $6 9. b4 $1 cxb4 10. axb4 Qxb4 11. Qxb4 Nxb4 12. Nd4 d5 13.
Ba3 Nc6 14. Nb5 $44 Kd7 15. Nd6 Rf8 16. Rc1 b6 17. g4 $1 $44 {Kramnik,
V-Romanishin,O/Belgrade 1993/1-0 (41)}) 6. Qxc3 Nc6 7. g3 Qa5 {Eine
interessante Idee. Natürlich wäre der Damentausch für Schwarz ungefährlich.
Ribli.} 8. b4 $5 {Weiß opfert einen Bauern für anhaltende Initiative.} (8. Qc2
b5 (8... Nd4 9. Nxd4 cxd4 10. b4 $14 {[%csl Ra5]}) 9. cxb5 Qxb5 10. d3 (10. Bg2
Rb8 11. d3 d6 12. O-O e5 13. Rb1 Be6 14. Bg5 Nd7 15. Rfc1 Bb3 16. Qd2 Ba2 17.
Ra1 Be6 18. b4 $36 {1-0 Strutinskaya,G-Grabuzova,T/Rude mem 1996 (27)}) 10...
O-O 11. Bg2 Bb7 12. O-O Rfc8 13. Be3 d6 14. Qc4 Qxc4 15. dxc4 Rab8 16. b4 cxb4
17. axb4 Nxb4 18. Bxa7 Ra8 19. Rfb1 Nc2 20. Ra2 Be4 21. Rbb2 e5 22. Nd2 {
1-0 Ftacnik,L-Tong Yuanming/Lee Cup 1996 (29)}) (8. Qxa5 Nxa5 $15 {[%csl Yb3,
Rc4][%cal Ra5b3]}) 8... cxb4 9. axb4 Qxb4 10. Qxb4 (10. Bb2) 10... Nxb4 11. Nd4
{[%csl Gc1,Yc7,Yd6,Ye7][%cal Gd4b5,Rb5d6,Rb5c7] Weiß besitzt das Läuferpaar,
wobei besonders sein schwarzfeldriger Läufer stark ist, und Initiative am
Damenflügel.} d5 12. Ba3 {[%cal Ga3f8]} Nc6 (12... a5 $4 13. Bxb4 $18 {[%cal
Ra1a8]}) 13. Nb5 {[%csl Yc7,Yd6][%cal Rb5c7,Rc7e8,Rc7a8]} Kd7 {[%csl Rc8,Rd7]
Schwarz hat Entwicklungsprobleme am Damenflügel, aber der Kampf ist scharf und
in einigen Varianten hängt alles an einem Tempo.} 14. Bg2 dxc4 15. Nd6 {
[%csl Ga3,Rd7,Gg2][%cal Rd6f7,Rd6c4]} Nd5 (15... Nd4 16. Rc1 {[%csl Gc1][%cal
Gc1c8]}) 16. Nxf7 {Diese ganze Stellung erinnert mich an die Variante: 1.c4 c5
2.Nf3 Nf6 3.d4 cxd4 4.Nxd4 e6 5.g3 Bb4 6.Bd2 Qb6 7.Bg2 Bc5 8.e3 Bxd4 9.exd4
Qxd4 10.0-0 Qxc4 11.Nd3 Qd3 12.Bb4 Qxd1 13.Rfxd1 d5 14.Nb5 Kd7 15.Nd6 Nc6 16.
Ba3 - in der, wie in unserer Partie, Weiß Kompensation hat.} Rg8 17. Be4 {
[%csl Ge4][%cal Re4h7]} Nf6 (17... g6 18. h4 $44 (18. Nd6 {[%cal Rd6c4]})) (
17... h6 18. h4 $44 (18. Bh7 Re8)) 18. Bxc6+ {Weiß muß das Läuferpaar abgeben,
aber dank seines Druckes über die schwarzen Felder kann er den Angriff
fortsetzen.} Kxc6 19. Ne5+ $40 {[%csl Ga3,Rc6,Ge5]} Kd5 (19... Kb5 20. O-O $16
{[%csl Rb5][%cal Rf1b1,Rb1b5]}) 20. Bb2 {[%csl Ga1,Rd5][%cal Ra1a5]} a5 {
Dieser Zug ist gegen 21.Ra5 gerichtet.} (20... b5 21. d3 cxd3 22. Rd1 $44 {
[%csl Rd5]}) 21. d3 $1 {Weiß bringt immer neue Reserven ins Spiel.} cxd3 22.
Rd1 Kd6 23. Rxd3+ Kc7 (23... Nd5 24. e4 $16) 24. O-O Ra6 25. Rc1+ Kb8 26. Ba3 {
[%csl Ga3,Gc1,Gd3,Ge5][%cal Ga3d6,Gd6b8]} Nd5 27. Rd4 {[%csl Gd4] Weiß
verhindert ...Nb4.} (27. e4 Nb4) 27... b5 28. e4 Nb6 29. Bd6+ Ka8 30. Rc5 {
[%csl Ra8,Gc5,Gd4,Gd6,Ge5] Die weiße Aktivität erreicht ihren Höhepunkt. Es
ist nicht leicht für Schwarz, sich auf schwarzen Felden zu verteidigen.} b4 31.
Nc6 {[%csl Ra5][%cal Rc6a5,Rc5a5]} b3 32. Rxa5 (32. Nxa5 b2 33. Rb5 $5 $13 (33.
Rb4 Nd7 $1 $19 {[%cal Rd7c5,Ra6d6,Gd7b8]} (33... Na4 34. Rb8+ Ka7 35. Nc6+ Rxc6
36. Rxc6 Bb7 $19 {[%csl Gb2][%cal Rb2b1]})) 33... b1=Q+ 34. Rxb1 Rxa5 35. Rxb6)
32... Kb7 $13 33. Rxa6 Kxa6 34. Rb4 {Die Stellung ist materiell gleich. Weiß
entfaltet noch etwas Initiative.} Bb7 35. Nb8+ $2 (35. Bc7 $5 $16 {[%csl Rb6]}
Nd7 36. Nd8 {[%csl Rb7]}) 35... Ka5 36. Rxb3 Bxe4 {[%csl Ra5,Rb6]} 37. f3 (37.
Bc7 {Auf ersten Blick scheint es, daß Weiß Material gewinnt.} Rc8 $8 38. Rxb6 (
38. Bxb6+ Ka4 $19 {[%csl Rb3,Gc8,Ge4,Rg1][%cal Rc8c1]}) 38... Rxc7 39. Ra6+ Kb5
{[%csl Gc7,Ge4,Rg1][%cal Rc7c1]} 40. f4 $15) 37... Bd5 {[%csl Rb3,Gd5]} 38.
Ra3+ Kb5 39. Ra1 Nc4 $15 {[%csl Rb8,Rd6]} 40. Rb1+ Ka4 41. Rb4+ Ka5 (41... Ka3
$2 42. Rxc4+ $18) 42. Nc6+ $11 Bxc6 (42... Ka6 43. Ne7 $11 (43. Nb8+)) 43. Rxc4
Bxf3 {Schwarz besitzt einen Mehrbauern, aber das hat keine Bedeutung. Weiß
kann leicht das Remis halten.} 44. Rf4 Bc6 (44... Rd8 $4 45. Bc7+ {[%cal Rc7a5,
Rc7d8]}) 45. Rf8 {Und hier wurde Remis gegeben. Der schwarze Mehrbauer ist
nicht verwertbar.} (45. Rf8 Rxf8 46. Bxf8 g6 47. Kf2 $11) 1/2-1/2

[Event "RUS-Cup06"]
[Site "Nizhnij Novgorod"]
[Date "1998.07.04"]
[Round "6"]
[White "Ibragimov, Ildar"]
[Black "Zagrebelny, Sergey"]
[Result "1/2-1/2"]
[WhiteElo "2590"]
[BlackElo "2485"]
[Annotator "Ribli,Z"]
[PlyCount "98"]
[EventDate "1998.06.29"]
[EventType "swiss"]
[EventRounds "9"]
[EventCountry "RUS"]
[SourceTitle "EXT 2000"]
[Source "ChessBase"]
[SourceDate "1999.11.16"]
[SourceVersion "1"]
[SourceVersionDate "1999.11.16"]
[SourceQuality "1"]

1. c4 Nf6 2. Nc3 e6 3. Nf3 (3. e4 $5 {Das ist die sogenannte Mikenas-Variante,
die zu scharfem Spiel führt. Ribli.}) 3... b6 4. e4 Bb7 5. Qe2 (5. d3 c5 $10) (
5. Bd3 {Das ist eine auf ersten Blick sonderbare Fortsetzung, aber mit
späterem 6.Bc2 kann Weiß den d-Bauern befreien.}) 5... c5 (5... Bb4 6. e5 Ng8
7. g3 (7. d4 $14 {Stein-Smyslov, Moscow 1972}) 7... Nc6 8. Bg2 Nd4 9. Qd3 Bxf3
10. Bxf3 Nxf3+ 11. Qxf3 Ne7 12. O-O (12. d4 $1 d5 13. exd6 cxd6 (13... Bxd6 14.
O-O $14) 14. O-O Bxc3 15. Qxc3 Rc8 $6 16. d5 $1 e5 17. Qd3 $14 O-O 18. b3 Qd7
19. a4 $14 {1-0 Cvetkovic,S-Marjanovic,S/Nis 1993 (38)}) 12... Nc6 13. Qe4 O-O
14. Ne2 f5 15. exf6 Qxf6 16. d4 e5 17. d5 Nd4 18. Nxd4 exd4 19. Bf4 Rae8 20.
Qd3 Qg6 21. Qxg6 hxg6 22. a3 Bd6 23. Bxd6 cxd6 24. Rfe1 {Kortschnoj,V-Portisch,
L/Bad Kissingen cqf 1983/1-0 (55)}) (5... d6 6. d4 c5 7. d5 exd5 8. exd5+ Be7
9. g3 O-O 10. Bg2 Re8 11. O-O a6 12. a4 Nbd7 13. h3 Bf8 14. Qc2 g6 15. b3 Bg7
16. Bb2 Qe7 17. a5 $14 {1/2-1/2 Hjartarson,J-Vogel,J/Wijk-B 1982 (40)}) 6. e5 (
6. g3) 6... Ng8 7. d4 {Weiß spielt so aggressiv wie möglich. Er hat
Entwicklungsvorsprung und Übergewicht im Zentrum, aber die Dame steht
unnatürlich auf e2.} Bxf3 (7... cxd4 8. Nxd4 Nc6 9. Nxc6 Bxc6 10. Bd2 Ne7 11.
O-O-O Qc7 12. Kb1 (12. Bf4) 12... Nf5 13. Rg1 Rc8 14. Bf4 Qb7 15. Rd3 a6 16. g4
Nh4 17. Rh3 Be7 18. Bc1 b5 19. f4 b4 20. Nd1 Nf3 21. Rgg3 Be4+ 22. Ka1 Nd4 {
0-1 Portisch,L-Matanovic,A/Erevan 1965 (39)}) 8. Qxf3 Nc6 9. dxc5 {Weiß opfert
keinen Bauern.} (9. d5 $5 Nxe5 10. Qg3 d6 11. Bf4 Ng6 $2 (11... Ne7 $142 12.
dxe6 fxe6 13. Bxe5 Nf5 $1 14. Qf4 dxe5 15. Qxe5 Qd6 $14) 12. dxe6 fxe6 13.
O-O-O Nxf4 14. Qxf4 g6 15. Qe4 $16 {Kortschnoj,V-Petrosian,T/Odessa csf 1974/
1-0 (51)}) 9... Bxc5 10. Qg3 {[%csl Gg3,Rg7]} Kf8 (10... Bd4 11. f4 $14) (10...
g6 11. Ne4 $14 {[%csl Yd6,Re8,Yf6]}) 11. Be3 Nge7 {[%cal Ge7f5] Schwarz kann
nicht rochieren, aber er entfaltet gutes Figurenspiel. Es ist die Frage, ob
der weiße e5-Bauer stark oder schwach ist, während Schwarz Kontrolle über das
Feld d4 ausübt.} 12. Bd3 {Natürlich verhindert Weiß 12...Nf5.} Qc7 13. f4 a5 $6
{Schwarz schwächt freiwillig das Feld b5.} (13... g6) 14. O-O (14. Nb5 Qb7)
14... g6 15. a3 (15. Nb5 Qb7 16. b3 $14) (15. Qf2 Bxe3 16. Qxe3 Nf5 17. Qf2 $14
{[%csl Yb5,Yd6,Yf6] Schwarz hat Felderschwächen.}) 15... Nf5 16. Bxc5+ $6 (16.
Bxf5 gxf5 17. Qf2 $14) 16... bxc5 17. Qf2 Ncd4 $13 {[%csl Gd4] Jetzt sind die
Schwächen beiderseitig. Schwarz kontrolliert das Feld d4 stark, während in
seinem Lager die Felder b5, d6 und f6 schwach sind. Die schwarze
Königsstellung ist unsicher, aber er kann in der halboffenen b-Linie sein
Gegenspiel organisieren.} 18. Ne4 (18. Nb5 Qb6 19. Nxd4 Nxd4 $13 {[%csl Gd4]})
18... h5 19. b4 $6 cxb4 $5 (19... axb4 20. axb4 Rxa1 21. Rxa1 cxb4 22. Nd6 $5
Nxd6 23. Qxd4 (23. exd6 Qxd6 $17) 23... Nf5 24. Bxf5 gxf5 25. Ra7 Qc6 26. Rxd7
$11) 20. axb4 {[%cal Ga1a8]} Kg7 21. Rfb1 (21. b5 a4 $13) 21... Rhb8 (21...
axb4 22. Rxa8 Rxa8 23. Rxb4 $11) 22. Nc5 {[%csl Gc5]} g5 {Ein überraschender
Zug.} (22... Rxb4 23. Rxb4 Qxc5 $14 (23... axb4 24. Rxa8 Qxc5 $14)) (22... axb4
23. Na6 $16 {[%cal Ra6b8,Ra6c7]}) 23. Bxf5 Nxf5 24. b5 {[%cal Rc5a6]} Rc8 25.
Na4 (25. b6 Qxc5 26. b7 Qxc4 27. bxa8=Q Rxa8 $13) 25... Qxc4 26. Nb6 Qe4 27.
Nxa8 Rxa8 28. b6 a4 $44 {Schwarz hat nur einen Bauer für die Qualität, aber
sein Springer steht fest auf f5 und seine Dame ist wirkungsvoll zentralisiert.}
29. Rd1 {[%cal Rd1d7]} Qb7 30. Rac1 {[%csl Gb6][%cal Rc1c7]} Ra6 31. Rc7 Qxb6
32. Qxb6 Rxb6 33. Rdxd7 {[%cal Rc7g7] Normalerweise ist die Turmverdoppelung
auf der 7.(oder 2.) Reihe ist entscheidend, aber hier kann Schwarz das
überleben.} Nh6 (33... gxf4 34. Rxf7+ Kg6 35. h4 {[%csl Rg6][%cal Rf7f6] Dem
schwarzen König wird ein Mattnetz gestrickt.} Nxh4 36. Rf6+ Kg5 37. Rg7+ $18)
34. Rb7 (34. fxg5 Rb1+ 35. Kf2 Ng4+ {[%cal Rg4f2,Rg4e5,Ge5f7]} 36. Ke2 Nxe5 $44
{[%csl Ga4,Ge5][%cal Rb1b2,Rb2h2]}) 34... Rc6 (34... Rxb7 35. Rxb7 gxf4 36. Rb4
$14 {[%cal Rb4f4,Rb4a4]} (36. Ra7 Kg6 37. Rxa4 Kf5 {[%csl Re5]})) 35. Rdc7 {
Weiß muß um jeden Preis ein Trumpaar tauschen.} Ra6 36. Ra7 $138 (36. fxg5 Ng4
37. Rxf7+ Kg6) 36... Rb6 37. Rcb7 Rc6 38. Rxa4 (38. Rc7 Rb6) 38... Rc1+ 39. Kf2
Rc2+ 40. Kf3 Rc3+ {Ich glaube, beide Spieler waren hier in Zeitnot.} (40... g4+
41. Ke4 (41. Kg3 Nf5#) 41... Re2+ 42. Kd3 Rxg2 $15) 41. Kf2 Rc2+ {Schwarz ist
zufrieden mit der Punkteteilung. Es ist interessant, daß der weiße
Materialvorteil ohne große Bedeutung ist.} 42. Kf1 Rc1+ 43. Ke2 {Nach 43.Kf2
kann Schwarz dreimalige Stellungswiederholung reklamieren.} Rc2+ 44. Kd3 Rxg2 {
[%csl Re5,Rf4,Rh2] Die weißen Bauern sind schwach.} 45. Ra6 {[%csl Rg7][%cal
Ra6e6,Gb7g7]} Rxh2 (45... gxf4 $5) 46. Re7 (46. fxg5 $5 {Und nach dem
Springerzug kann Weiß 47.Rxe6 spielen.}) (46. Rxe6 gxf4 $14 (46... g4 {[%csl
Gg4,Gh5]}) (46... Rh3+ 47. Ke4 Rh4 48. Rf6 Rxf4+ 49. Rxf4 gxf4 50. e6 (50. Kxf4
Kg6 51. Rb6+ Kg7 52. Kg5 Ng4 53. Rb5 Nxe5 (53... f6+ 54. exf6+ Nxf6 55. Rb7+
$18) 54. Rxe5 f6+ $11) 50... Kf8 51. e7+ Ke8 52. Kxf4 f6 53. Ke4 Kf7 54. Kd5
Nf5 $11)) 46... Rh3+ 47. Ke2 Rh2+ 48. Kf3 Rh3+ 49. Kg2 Rh4 {und hier wurde
Remis vereinbart.} (49... Rh4 50. fxg5 Rg4+ 51. Kf3 Rxg5 $11) 1/2-1/2

[Event "Tan Chin Nam Cup 4th"]
[Site "Beijing"]
[Date "1998.06.15"]
[Round "8"]
[White "Zhu, Chen"]
[Black "Tiviakov, Sergei"]
[Result "0-1"]
[WhiteElo "2490"]
[BlackElo "2640"]
[Annotator "Ribli,Z"]
[PlyCount "182"]
[EventDate "1998.06.08"]
[EventType "tourn"]
[EventRounds "11"]
[EventCountry "CHN"]
[EventCategory "12"]
[SourceTitle "CBM 066"]
[Source "ChessBase"]
[SourceDate "1998.09.30"]
[SourceVersion "1"]
[SourceVersionDate "1998.09.30"]
[SourceQuality "1"]

1. Nf3 Nf6 2. c4 b6 3. g3 Bb7 4. Bg2 {Anstelle der Partiefortsetzung kann
Schwarz mit 4...g6 die sogenannte Doppelfianchetto-Variante spielen. Ribli.} e6
5. O-O {Mit 5.d4 kann Weiß in die Damenindische Verteidigung übergehen.} Be7 6.
Nc3 O-O 7. Re1 {Dieser von Kramnik sehr oft gespielte Zug ist heutzutage sehr
beliebt. Weiß möchte entweder 8.e4 ziehen oder 7...d5 provozieren, denn nach 8.
cxd5 exd5 steht der schwarze Läufer nicht besonders gut auf b7.} Ne4 (7... c5
8. e4 $14) (7... d5 8. cxd5 Nxd5 (8... exd5 9. d4 $14)) 8. Nxe4 Bxe4 9. d3 (9.
d4 $6 d5 {[%csl Ge4]}) 9... Bb7 10. e4 (10. d4 Be4 {Sonst spielt Weiß 11.e4
mit großem Raumvorteil im Zentrum.} 11. Bf1 (11. Nh4 f5 12. Bxe4 fxe4 13. Ng2
$36 {[%cal Gf8f2]}) (11. d5 Bf6 $13) 11... c5 12. Nd2 Bc6 13. dxc5 bxc5 14. b3
a5 15. Bb2 a4 16. e4 Na6 17. Qg4 f6 18. Qd1 Nb4 19. a3 Na6 20. Bc3 axb3 21.
Qxb3 {0-1 Sokolin,L-Tiviakov,S/NY Open, New York USA 1998 (41)}) 10... c5 {
Schwarz darf nicht die Besetzung des Zentrums mit 11.d4 zulassen.} 11. d4 cxd4
12. Nxd4 Nc6 13. Bf4 {Wir haben eine sogenannte Igelstellung. Weiß
kontrolliert mehr Raum, aber die schwarze Stellung ist flexibel und ohne
Schwächen.} Rc8 $146 (13... Bc5 14. Nxc6 Bxc6 15. Bd6 Bxd6 16. Qxd6 Qb8 17.
Rad1 Qxd6 18. Rxd6 Rfd8 19. Red1 Kf8 20. e5 Bxg2 21. Kxg2 Ke7 22. f4 Rac8 23.
R6d4 f6 $13 {1/2-1/2 Ibragimov,I-Tiviakov,S/RUS-ch m1-2 1997 (53)}) (13... Nxd4
$5 14. Qxd4 $14 Rc8 15. Rad1) 14. Re2 $6 {Dieser Zug gefällt mir nicht. Weiß
möchte 15.Rd2 spielen und so Druck in der d-Linie ausüben, aber Schwarz
tauscht natürlich auf d4.} (14. Nb5 $5 $14 {[%csl Gb5,Yd6,Gf4]}) 14... Nxd4 15.
Qxd4 Bc5 16. Qd3 f6 {Schwarz bereitet 17...e5 vor, wonach zwar einerseits der
weiße g2-Läufer eingeschlossen, aber anderseits auch das Feld d5 geschwächt
wird.} 17. Rd1 (17. e5 $6 {Dieser Vorstoß ist positionell nicht begründet.}
Bxg2 18. Kxg2 g5 (18... f5 19. h4 $14) 19. Be3 Bxe3 (19... fxe5 20. Bxc5 Rxc5
21. b4 Rc7 22. Rxe5 Rxf2+ 23. Kxf2 Qf6+ $17) 20. Rxe3 fxe5 21. Rxe5 Rxf2+ 22.
Kxf2 Qf6+ $17) 17... Rf7 {Schwarz läßt den d-Bauern hinten.} 18. b3 (18. e5 {
Nach den Zügen 17.Rd1 Rf7 ist dieser Zug besser als früher.} Bxg2 19. Kxg2)
18... e5 19. Be3 Qe7 20. Bxc5 Qxc5 $11 {Die Stellung ist etwa gleich. Weiß
entfaltet dauerhaften positionellen Druck in der d-Linie, während sein Läufer
keine große Zukunft hat. Der schwarze d-Bauer ist aber leicht zu verteidigen.}
21. Bh3 Rc7 22. Qd6 (22. Red2 $5) 22... Qxd6 23. Rxd6 Kf8 {Die Zentralisierung
des Königs sichert die schwarze Stellung.} 24. f3 Ke7 25. Red2 Bc6 26. Kf2 Rf8
27. b4 (27. a4 $11 {und Schwarz kommt nicht so leicht wie in der Partie zu ...
b6-b5.}) 27... b5 28. cxb5 (28. c5 a5 29. a3 (29. bxa5 Ra8 {[%cal Ra8a5]})
29... Ra8 {[%cal Ga8a1]}) 28... Bxb5 29. R6d5 Rb8 30. a3 Rb6 {[%cal Gc7c1]
Schwarz hat aktives Figurenspiel am Damenflügel.} 31. Bf1 a6 32. Bxb5 axb5 {
[%csl Ra3,Ge7] In Doppelturmendspielen ist die Remisbreite immer groß, aber
der schwarze König ist schon zentralisiert und der Rc7 kontrolliert die
einzige offene Linie.} 33. h4 (33. Ke2 $5 {Weiß beabsichtigt 34.Kd1, um mit 35.
Rc2 die c-Linie zu neutralisieren.} Rbb7 34. Kd1 Rc3 35. R2d3 $11) 33... h5 34.
R2d3 d6 35. g4 $6 {Dieser Plan ist zu aggressiv. Weiß erreicht nichts und
schwächt den Königsflügel.} hxg4 36. fxg4 Ke6 {[%csl Ge6] Die scheinbare
Bauernschwäche auf d6 wird durch den schwarzen König leicht verteidigt.} 37. h5
Rc1 $15 {[%csl Gc1][%cal Gc1c8,Gc1a1,Gc1h1] Es gibt noch nichts Konkretes für
Schwarz, aber er verfügt bereits über das freiere Spiel.} 38. Rd1 Rc8 {
Natürlich tauscht Schwaz nicht seinen aktiven Turm.} (38... Rxd1 39. Rxd1 $11)
39. Ke2 Rc4 {[%csl Re4][%cal Rc4e4]} 40. Ke3 Rc7 41. Ke2 g6 $1 {Die
Zeitkontrolle ist erreicht und Schwarz beginnt mit konkreten Aktionen.} 42.
hxg6 Rg7 {[%csl Re4,Ge6,Rg4,Rg6]} 43. Kf3 Rxg6 44. Rc1 (44. Rh1 {[%cal Gh1h8]}
Rg7 {[%cal Gg7c7,Gc7c1]}) 44... Rh6 {[%cal Gh6h1,Gh3a3]} 45. Kg3 Rh7 46. Kg2
Rg7 47. Kf3 Ra7 {[%csl Ra3]} 48. Rc3 Rh7 49. Kg2 Rh4 50. Kg3 Rh1 51. Kf2 Ra1 {
[%csl Ga1][%cal Ga1a3,Ga1h1,Ga2f2] Das ist das beste Feld für den Turm.} 52.
Rdd3 $6 {[%cal Gd3a3] Dieser passive Zug gefällt mir nicht.} (52. Rcd3 Ra6 {
[%csl Ra3]} 53. Rxb5 R6xa3 54. Rxa3 Rxa3 $11) 52... Ra6 53. Rh3 (53. Kf3 Ra2
$15 {[%csl Rf3][%cal Ga2h2,Ge6f7,Gf7g6,Gg6g5] Weiß kann praktisch nur abwarten,
während Schwarz mit dem König in den Königsflügel eindringt.}) 53... Ra2+ 54.
Kf1 {[%csl Ga2,Rf1][%cal Ga2h2]} (54. Kf3 $2 R6xa3 $17) 54... Kf7 {[%csl Re4,
Rg4][%cal Gf7g6,Gg6g5]} 55. g5 {Weiß opfert einen Bauern für aktives Spiel.}
fxg5 56. Rh6 {[%csl Rf7,Gh6][%cal Gc3f3] Der Turm steht aktiv auf h6. Er
beäugt den Bauern d6 und schneidet den schwarzen König horizontal ab.} Kg7 57.
Re6 {[%csl Gc3,Ge6][%cal Gc3c7,Gc7g7]} R2xa3 58. Rc7+ (58. Rxa3 Rxa3 59. Rxd6
Re3 (59... Rb3 60. Rd5 {[%cal Rd5b5,Rd5g5]} Rxb4 61. Rxe5 Kg6 $17) 60. Rd5 Rxe4
61. Rxb5 Kf6 $17) 58... Kf8 59. Rh6 {[%csl Gc7,Rf8,Gh6][%cal Rh6h8]} Rf3+ 60.
Ke2 Rf7 {Durch dieses Turmmanöver pariert der Schwarze die direkten Drohungen.}
61. Rh8+ Kg7 62. Rcc8 {Die Verdoppelung auf der 8. Reihe ist ungefährlich.}
Ra2+ 63. Ke3 Ra3+ 64. Kd2 {[%cal Ga3h3]} Rb3 $17 {[%csl Rb4] Schwarz hat zwei
Mehrbauern und es hängt b4.} 65. Rhg8+ Kh6 66. Rcd8 {[%csl Rh6][%cal Rd8d6]}
Kh5 {Angriff ist die beste Verteidigung. Der schwarze König verläßt die
Gefahrenzone.} 67. Rxd6 Rf2+ 68. Kc1 Rxb4 69. Rd1 {[%csl Rg5,Rh5] Weiß droht
70.Rh1 nebst 71.Rg1.} Rg2 {Der schwarze König findet Ruhe auf g4.} (69... g4 $4
70. Rh1+ {[%csl Gg8,Gh1,Rh5]}) 70. Re1 Ra4 {[%csl Rc1][%cal Ra4a1,Gg2a2] Jetzt
droht Matt.} 71. Kb1 Raa2 72. Re8 Rab2+ 73. Ka1 b4 74. Rxe5 b3 {Schwarz hat
einen Bauern zurückgegeben, aber sein aktives Spiel entscheidet die Partie.}
75. Re8 Rbe2 76. Rh1+ (76. Rxe2 Rxe2 $19 {[%csl Ge2,Gg5,Gh5] Mit seinem
g-Bauern gewinnt Schwarz leicht.}) 76... Kg4 77. e5 Re4 78. Kb1 (78. e6 $2 Ra4+
79. Kb1 b2 $19 {[%csl Rb1][%cal Ra4a1]}) 78... b2 79. Ra8 (79. e6 $2 Ra4 $19)
79... Rxe5 {Weiß steht so passiv, daß Schwarz Pattmotive beachten muß, aber
der weiße König hat das Feld a2} 80. Rd1 Rc5 81. Ra4+ Kh3 82. Rh1+ Rh2 83. Ra3+
Kg2 84. Rd1 (84. Rxh2+ Kxh2 $19 {[%cal Rg5g4,Rg4g3,Rg3g2,Rg2g1]}) 84... Rc1+ {
Am einfachsten! Der schwarze g-Bauer entscheidet die Partie.} 85. Rxc1 bxc1=Q+
86. Kxc1 g4 87. Kd1 (87. Ra2+ Kh3 $19) 87... g3 88. Ke2 Rh8 $19 {[%csl Gg2,Gg3]
[%cal Rh8e8,Re8e2] Das ist eine wohlbekannte Gewinnstellung.} 89. Re3 {Sonst
kommt Schwarz mit 89...Re7+ und der weiße König muß sich entfernen.} Rf8 90.
Ke1 Kh2 {[%cal Rg3g2,Rg2g1]} 91. Re7 g2 {Und Weiß gab auf. Er kann die
Bauernverwandlung nicht verhindern.} (91... g2 92. Rh7+ Kg1 93. Rh6 Re8+ 94.
Kd2 Re5 {Das Schlüsselmotiv in diesem Endspiel ist der Besitz der fünften oder
vierten Reihe.} (94... Re4 95. Kd3 Kf2 96. Kxe4 g1=Q $19 {Die Dame gewinnt
leicht gegen den Turm.}) 95. Rh7 Kf2 96. Rf7+ Kg3 97. Rg7+ Kf3 98. Rg8 (98.
Rf7+ Kg4 99. Rg7+ Rg5 $19) 98... Re4 $19 {[%cal Re4g4]}) 0-1